Estudios en recuerdo de la profesora Silvia Romeu Alfaro
Сохранить в:
| Формат: | |
|---|---|
| Язык: | испанский |
| Опубликовано: |
Valencia
Universitat de Valencia
1989
|
| Предметы: | |
| Метки: |
Добавить метку
Нет меток, Требуется 1-ая метка записи!
|
MARC
| LEADER | 00000nam a2200000 a 4500 | ||
|---|---|---|---|
| 001 | UCV3038 | ||
| 003 | CL-VaPUC | ||
| 008 | 930310e19890000SP |||||||||||||||||spa|d | ||
| 082 | 0 | 4 | |a 340.09 |b EST |2 21 |
| 245 | 1 | 0 | |a Estudios en recuerdo de la profesora Silvia Romeu Alfaro |
| 300 | |a 2 v | ||
| 942 | |c BK | ||
| 945 | |d 19930310 00:00:00 | ||
| 260 | |a Valencia |b Universitat de Valencia |c 1989 | ||
| 600 | 0 | 7 | |a ROMEU ALFARO, SILVIA |2 CL-VaPUC |9 258637 |
| 650 | 7 | |a DERECHO |2 CL-VaPUC |9 297318 | |
| 650 | 0 | |a Historia |9 255047 | |
| 650 | 0 | |a Historia y crítica |9 257407 | |
| 651 | 0 | |a España |9 254926 | |
| 583 | |a last modification |c 19930310 00:00:00 |k Rodrigo Vera | ||
| 999 | |c 210426 |d 210424 | ||
| 952 | |0 0 |1 0 |4 0 |6 340_090000000000000_EST_1989 |7 0 |8 A |9 186649 |a BIBDER |b BIBDER |d 2019-11-14 |h v.1 |i 2541955 |o 340.09 EST 1989 |p 2541955 |r 2023-01-25 |w 2019-11-14 |y BK |k DER | ||
| 952 | |0 0 |1 0 |4 0 |6 340_090000000000000_EST_1989 |7 0 |8 A |9 186650 |a BIBDER |b BIBDER |d 2019-11-14 |h v.2 |i 2541963 |o 340.09 EST 1989 |p 2541963 |r 2023-01-25 |w 2019-11-14 |y BK |k DER | ||